000 00218 a2200085 4500
020 _a 978-1587592171
100 _aCatherine Bourzat
245 _aIndia: A Cultural Journey
260 _bHachette Livre Direction Paris
_c 2009
999 _c13573
_d13573